000
00314nam a22001457a 4500
008
221006b ||||| |||| 00| 0 eng d
020
_a
0316156353
041
_a
eng
080
_a
618
082
_a
618 COR
100
_a
15.2
101
_a
GINE
245
_a
SURGERY OF THE NEONATE
_c
CORAN .A
942
_2
udc
_c
BK
999
_c
58391
_d
58391